Future of the ecumenical movement / (Record no. 141119)

MARC details
000 -LEADER
fixed length control field 00618nam a22002057a 4500
005 - DATE AND TIME OF LATEST TRANSACTION
control field 20170630151358.0
010 ## - LCCN (DPL NO)
LC control number ENG-118652
020 ## - INTERNATIONAL STANDARD BOOK NUMBER
International Standard Book Number 9788184656046
Terms of availability 275.00
035 ## - SYSTEM CONTROL NUMBER
System control number EN-102184
037 ## - SOURCE OF ACQUISITION
Source of stock number/acquisition DBAD/PUB
082 ## - DEWEY DECIMAL CLASSIFICATION NUMBER
Classification number 234.7
100 ## - MAIN ENTRY--PERSONAL NAME
Personal name Pathil, Kuncheria
245 ## - TITLE STATEMENT
Title Future of the ecumenical movement /
Statement of responsibility, etc by Kuncheria Pathil ; foreword by Konrad Raiser
260 ## - PUBLICATION, DISTRIBUTION, ETC. (IMPRINT)
Place of publication, distribution, etc Delhi
Name of publisher, distributor, etc ISPCK
Date of publication, distribution, etc 2017
270 ## - ADDRESS
Address 1585, Madrasa Road, Kashmere Gate
City Delhi
Postal code 110006
300 ## - PHYSICAL DESCRIPTION
Extent xv,189p.
Dimensions 21cm(pbk)
500 ## - GENERAL NOTE
General note includes index
700 ## - ADDED ENTRY--PERSONAL NAME
Personal name Raiser, Konrad
942 ## - ADDED ENTRY ELEMENTS (KOHA)
Source of classification or shelving scheme Dewey Decimal Classification
Item type English Books
Classification part 234.7
Call number suffix PAT
Holdings
Withdrawn status Lost status Not for loan Collection code Home library Current library Date acquired Source of acquisition Cost, normal purchase price Full call number Barcode Copy number Cost, replacement price Koha item type
    Not For Loan Non-fiction D.B.Act.Division Bawana 15/06/2017 DBAD/PUB 275.00 234.7 PAT EN-102184 1 275.00 English Books

© Delhi Public Library
Hit Counter
free hit counter